Riconosci il Pokémon - Quiz n°470 - Statistics

Statistiche generali
  • Questo quiz è stato fatto 0 volte
  • Il punteggio medio è 0 su 10
Statistiche sulle risposte
Indizio Risposta % Corretto
Tasso di cattura 120 (24.9%)
0%
Altezza 1,2 m
0%
Sesso 50% ♂, 50% ♀
0%
Peso 58,5 kg
0%
Tipo Coleottero / Veleno
0%
Tasso di allevamento Medio-Lento
0%
Stadio evoluzione Prima evoluzione
0%
Generazione Quinta
0%
Abilità Velenopunte; Aiutinsetto; Piedisvelti; Acceleratore
0%
Pokémon Whirlipede
0%
Nessun quiz corrispondente trovato
Distribuzione punteggi
Percentuale di utenti per punteggio
Percentile per numero di risposta
I tuoi punteggi nel tempo
Non hai fatto questo quiz